MDQL
is popping MORE tags! Check the
thread
!
Quizzes
Events
Quiz Creation
Community
Videos
Private Events
Remove Ads
Sign In
Join for FREE
Feedback
Dark Mode
Quiz Categories
Sports
Geography
Music
Movies
Television
Just For Fun
Miscellaneous
History
Literature
Language
Science
Gaming
Entertainment
Religion
Holiday
For Kids
Quiz Lab
Recent
Popular Today
Quiz Kudos Today
Editor Picks
Curator Picks
Quizzes by...
Day
Popularity
Type
Ratings
Length
Year
Community
Subscriptions
Recent Discussions
Orange Saloon
Badges
Playlists
Quests
Create
Leaderboards
Showdown
Live 5
Trivia Bingo
Activity
Puzzle Library
Sporcle Events
Private Events
Virtual Trivia
Globe League
Become a Host
Pub Owners
SporcleCon
Opinionation
Our Games
Videos
Blog
Mobile Apps
Partnerships
Remove Ads and Go Orange
Feedback
Sports
Athletes
MLB
NBA
NHL
NFL
Soccer
Sports Teams
WWE
NCAA
Football
Premier League
Basketball
Baseball
Hockey
Golf
Tennis
Cricket
Rugby
Auto Racing
Olympics
World Cup
Sports
Athletes
MLB
NBA
NHL
NFL
Soccer
Sports Teams
WWE
NCAA
Football
Premier League
Basketball
Baseball
Hockey
Golf
Tennis
Cricket
Rugby
Auto Racing
Olympics
World Cup
Random Quiz
Search Sporcle
×
Quiz Lab
Quiz Lab
Sports
Football
Type in answers that appear in a list
Type in answers that appear in a list
Classic
Best Score? Go Orange.
Top 101 youngsters in world football (Don Balon 2012) Stats
Can you name the Top 101 youngsters in world football (Don Balon 2012)?
By
DrFootball1
15m
101 Questions
145 Plays
145 Plays
145 Plays
Comments
Comments
Give Quiz Kudos
Give Quiz Kudos
-
- Ratings
hide this ad
Replay
Link that replays current quiz
Next Quiz
Link to next quiz in quiz playlist
You Got
0%
They Got
Avg Score
27%
Avg Friend Score
Upgrade to see
Score Distribution
Jump to the score distribution portion of the page
Score
0/101
Timer
15:00
0
Plays Today
Country/Club
% Correct
Austria/
Bayern Munich
David Alaba
74.3%
Brazil/
Santos
Neymar
70.1%
Belgium/
Chelsea
Eden Hazard
68.8%
Belgium/
Zulte-
Waregem (on loan from Chelsea)
Thorgan Hazard
68.1%
Belgium/
Atletico Madrid (on loan from Chelsea)
Thibaut Courtois
59.7%
England/
Manchester United
Phil Jones
59.7%
Spain/
Barcelona
Thiago Alcantara
59%
Belgium/
West Bromwich (on loan from Chelsea)
Romelu Lukaku
59%
Brazil/
Chelsea
Oscar
59%
Denmark/
Ajax Amsterdam
Christian Eriksen
54.9%
Spain/
Malaga
Isco
54.9%
England/
Arsenal
Jack Wilshere
54.9%
Belgium/
Werder Bremen (on loan from Chelsea)
Kevin De Bruyne
54.2%
Italy/
Liverpool
Fabio Borini
53.5%
France/
Juventus
Paul Pogba
50.7%
Brazil/
Liverpool
Philippe Coutinho
49.3%
Germany/
Borussia Dortmund
Mario Gotze
48.6%
Costa Rica/
Betis (on loan from Arsenal)
Joel Campbell
47.2%
South Korea/
Hamburger SV
Son Heung-Min
45.1%
England/
Crystal Palace (on loan from Manchester United)
Wilfried Zaha
45.1%
Brazil/
Malaga (on loan from Chelsea)
Lucas Piazon
43.8%
France/
Real Madrid
Raphael Varane
43.1%
Colombia/
Porto
James Rodriguez
41.7%
Italy/
PSG
Marco Verratti
41.7%
Switzerland/
Bayern Munich
Xherdan Shaqiri
41%
England/
Arsenal
Alex Oxlade-Chamberlain
40.3%
Kenia/
Celtic
Victor Wanyama
39.6%
England/
Sheffield Wednesday (on loan from Everton)
Ross Barkley
38.9%
Brazil/
PSG
Lucas Moura
38.9%
England/
Liverpool
Raheem Sterling
38.9%
Germany/
Schalke
Julian Draxler
37.5%
France/
Real Sociedad
Antoine Griezmann
37.5%
Sweden/
Manchester City
John Guidetti
36.8%
Serbia/
Manchester City
Matija Nastasic
36.8%
Country/Club
% Correct
Argentina/
Roma
Erik Lamela
36.1%
Spain/
Real Madrid
Alvaro Morata
34%
England/
Tottenham
Steven Caulker
31.9%
Spain/
Liverpool
Suso
31.9%
Spain/
Athletic Bilbao
Iker Muniain
31.3%
Germany/
Borussia MG
Marc-Andre ter Stegen
30.6%
Italy/
Milan
Stephan El Shaarawy
29.9%
Switzerland/
Borussia MG
Granit Xhaka
29.2%
Czech Republic/
Vitesse (on loan from Chelsea)
Tomas Kalas
28.5%
Spain/
Barcelona
Isaac Cuenca
27.1%
Germany/
Arsenal
Serge Gnabry
27.1%
Netherlands/
Benfica
Ola John
27.1%
Poland/
Bayer Leverkusen
Arkadiusz Milik
27.1%
Brazil/
Barcelona
Rafa Alcantara
26.4%
Denmark/
Ajax Amsterdam
Viktor Fischer
25.7%
Chile/
Wigan (on loan from Manchester United
Angelo Henriquez
25.7%
France/
Milan
M’Baye Niang
25.7%
Spain/
Barcelona
Christian Tello
25.7%
Ghana/
Porto
Christian Atsu
24.3%
Spain/
Real Madrid
Jese Rodriguez
24.3%
Nigeria/
CSKA Moscow
Ahmed Musa
23.6%
Netherlands/
Feyenoord
Bruno Martins Indi
20.8%
Spain/
Benfica
Rodrigo
20.8%
Japan/
Wigan (on loan from Arsenal)
Ryo Miyaichi
20.1%
Spain/
Barcelona
Gerard Deulofeu
19.4%
Argentina/
Monaco
Lucas Ocampos
19.4%
Croatia/
Dinamo Zagreb
Alen Halilovic
18.8%
Netherlands/
AZ Alkmaar
Adam Maher
18.8%
Spain/
Barcelona
Martin Montoya
18.8%
Germany/
Liverpool
Samed Yesil
18.1%
Serbia/
Fiorentina
Adem Ljajic
17.4%
Czech Republic/
Sparta Prague
Vaclav Kadlec
16%
England/
Liverpool
Jonjo Shelvey
16%
Georgia/
Spartak Moscow
Jano Ananidze
14.6%
Country/Club
% Correct
Spain/
Valencia
Sergio Canales
14.6%
England/
Manchester United
Nick Powell
14.6%
France/
Lille
Lucas Digne
13.9%
Morocco/
Milan
Hachim Mastour
13.2%
Brazil/
Flamengo
Adryan
12.5%
Serbia/
Partizan Belgrad
Lazar Markovic
12.5%
Spain/
Huesca (on loan from Liverpool)
Dani Pacheco
12.5%
Scotland/
Celtic
James Forrest
11.8%
Netherlands/
Twente Enschede
Luc Castaignos
11.1%
Denmark/
Nordsjælland
Jores Okore
11.1%
France/
Toulouse
Ali Ahamada
10.4%
Cameroon/
Barcelona
Jean Marie Dongou
10.4%
Italy/
Espanyol (on loan from Inter)
Samuele Longo
10.4%
Netherlands/
Ajax Amsterdam
Ricardo van Rhijn
9.7%
Spain/
Barcelona
Sergi Samper
8.3%
Belgium/
Anderlecht
Dennis Praet
7.6%
Netherlands/
Feyenoord
Tonny Trindade de Vilhena
7.6%
Netherlands/
PSV Eindhoven
Jurgen Locadia
6.9%
France/
Troyes (on loan from PSG)
Jean-Christophe Bahebeck
6.3%
Ukraine/
Dynamo Kiev
Maksym Koval
4.2%
Japan/
Barcelona
Takefusa Kubo
4.2%
Argentina/
Boca Juniors
Leandro Paredes
4.2%
Finland/
HJK Helsinki
Joel Pohjanpalo
4.2%
Argentina/
River Plate
Manuel Lanzini
3.5%
Argentina/
River Plate
Rogelio Funes Mori
2.8%
Ireland/
Watford
Sean Murray
2.1%
England/
Tottenham
Alex Pritchard
2.1%
Russia/
CSKA Moscow
Georgi Schennikov
2.1%
Sweden/
Djurgardens
Simon Tibbling
1.4%
Brazil/
Dynamo Kiev
Dudu
0.7%
Ireland/
St Patrick's
Chris Forrester
0.7%
Brazil/
Flamengo
Mattheus
0.7%
Brazil/
Botafogo
Bruno Mendes
0.7%
Quiz Playlist
Details
Report
Send in Message
Add To Playlist
Classic:
Type in answers that appear in a list
Last Updated: Feb 16, 2017
Quiz Scoreboard
CHALLENGE
Sign Up to Join the Scoreboard
Show All
Scores
Hide
Comments
May contain spoilers
Recently Published
1-10 Letter E Words III
by El_Dandy
Language
2m
Street Fighter Characters
by Artimus82
Gaming
60s
College Basketball Coaching Resumes
by pancakes188
Sports
9m
More to Explore
Quiz From the Vault
Featured Blog Post
Where Did the Easter Bunny Come From?
hide this ad
You Might Also Like...
Tags
Football Quiz
Soccer Quiz
talent
Today's Top Quizzes in Sports
Browse Sports
hide this ad
Today's Top Quizzes in Football
Browse Football
Top Contributed Quizzes in Sports
1
2022 World Cup Stars
2
Les meilleurs buteurs des matchs entre le PSG et l’OM
3
FIFA Club World Cup Champions
4
Les entraîneurs de l'OM et du PSG au 21e siècle
5
Criteria MLB: Left Handed Sluggers
6
2023 MLB Unique Player Accomplishments
7
AFC Teams Reveal (Wrong Answers Minefield)
8
Players with Multiple 50 Home Run Seasons
9
5-to-1: FBS Animal Nicknames
10
5-to-1: UK Sports Teams
Explore More
Trending Topics
Crossword
Disney
NBA
Harry Potter
Marvel
Kpop
Anime
Country
The Office
Pokémon
Puzzle
NFL
Soccer
WWE
Song
hide this ad
More By:
DrFootball1
Quiz
Plays
Rating
Category
Featured
Created
Juventus Top 30 scorers in history
674
3.67
Sports
Jan 1, 2013
Atletico Madrid foreign players 2005-2012
277
5.00
Sports
Dec 30, 2012
Croatian players in Serie A 2000-2012
202
4.00
Sports
Dec 31, 2012
Italian players in La Liga 2000-2012
200
5.00
Sports
Jan 1, 2013
Serbian players in Serie A 2000-2012
180
Sports
Dec 31, 2012
Go to Creator's Profile
Score Distribution
Quiz Creator Spotlight
DrFootball1
Follow
Send a Message
Quizzes Created
-
Created Quiz Play Count
-
More By This Creator
Popular Quizzes Today
1
Find the US States - No Outlines Minefield
2
Find the Countries of Europe - No Outlines Minefield
3
The Countries of the World
4
Find the US States
5
Risky Map Clicking: Biggest States A-Z
6
US States
7
Popular People in 1961
8
Movies - When Are They Set?
More Sports Quizzes
American Athletes Speed Sorting
Published
Trending Quizzes
Risky Map Clicking: Least Populous States A-Z
1-10 Letter G Words
USA Borders Longest to Shortest
1-10 Letter F Words
Countries of the World: 200 Million BC
Recently Updated
Leaping Animals
pecheneg
Reality TV Shows (A-Z)
bhenderson79
Rickey Henderson's Hall of Fame Teammates
pecheneg
Champions League XIs: Arsenal
pecheneg
Quick Pick: Celebrities in WWE's Hall of Fame
aduchscher
A-Z Keypad Blitz II
pecheneg
Multiple Oscar Actors
pecheneg
Mystery Phrase Blitz: Oscar 'Best Actors'
pecheneg
F. Scott Fitzgerald Novels
LTH
Pick 3 Villains
ddd62291
Trending Topics
Anime
NBA
Harry Potter
Marvel
Crossword
Disney
Kpop
NFL
Puzzle
Pokémon
Song
WWE
Soccer
Country
The Office
Your Account Isn't Verified!
In order to create a playlist on Sporcle, you need to verify the email address you used during registration. Go to your
Sporcle Settings
to finish the process.
Report this User
Report this user for behavior that violates our
Community Guidelines
.
Details:
Send Report
Go to the Sporcle.com Mobile Site →
Comments